| 000 | 01232cam a2200301 a 4500 | ||
|---|---|---|---|
| 001 | 000005636 | ||
| 003 | DO-SdBNP | ||
| 005 | 20251028114753.0 | ||
| 008 | 931110s1992 ve a b 001 0 spa c | ||
| 020 | _a9802595012 | ||
| 040 |
_aDO-SdBNP _cTxU _dDLC |
||
| 082 |
_a987.03 _bP381ó |
||
| 100 | 1 |
_aPelayo López, Francisco. _915924 |
|
| 245 | 1 | 3 |
_aLa obra cientifica de Löfling en Venezuela / _cFrancisco Pelayo, Miguel Angel Puig-Samper. |
| 260 |
_aCaracas : _bDepartamento de Asuntos Públicos de Lagoven, _c[1992]. |
||
| 300 |
_a161 p. : _bil. ; _c21 cm. |
||
| 490 | 1 | _aCuadernos Lagoven | |
| 490 | 1 | _aSerie Me dio milenio | |
| 504 | _aIncluye referencias bibliográficas e índice. | ||
| 600 | 1 | 4 |
_aLofling Per, _d1729-1756 _xViajes _zRío Orinoco Región (Venezuela y colombia) _915925 |
| 650 | 4 |
_aBotánica _zRío Orinoco Región (Venezuela y Colombia) _915926 |
|
| 650 | 4 |
_aHistoria natural _zRío Orinoco Región (Venezuela y Colombia) _915927 |
|
| 651 | 4 |
_aRío Orinoco Región (Venezuela y Colombia) _xDescubrimientos y exploraciones _915928 |
|
| 700 | 1 |
_aPuig-Samper, Miguel Angel. _915929 |
|
| 830 | 0 |
_aCuadernos Lagoven. _pSerie Me dio milenio. _915930 |
|
| 910 | _aCatalogación por copia / LC | ||
| 942 |
_2ddc _cLBS1 |
||
| 999 |
_c5435 _d5435 |
||